| Tag |
First Indicator |
Second Indicator |
Subfields |
| LEADER |
00000pam a2200000 a 4500 |
| 001 |
in00000090647 |
| 005 |
20151008065731.0 |
| 008 |
800610s1980 nyua 00010 engm |
| 010 |
|
|
|a 80018182
|
| 020 |
|
|
|a 0453003893
|
| 035 |
|
|
|a (OCoLC)06486944
|
| 035 |
|
|
|9 AAK6484AM
|
| 040 |
|
|
|a DLC
|c DLC
|d TXA
|d UtOrBLW
|
| 043 |
|
|
|a n-us---
|
| 049 |
|
|
|a [Curr Col] TXAM
|c [1561776]
|
| 050 |
0 |
0 |
|a E872
|b B57
|
| 082 |
0 |
|
|a 320.973/0207
|
| 100 |
1 |
|
|a Block, Herbert,
|d 1909-2001.
|
| 245 |
1 |
0 |
|a Herblock on all fronts :
|b text and cartoons /
|c by Herbert Block.
|
| 264 |
|
1 |
|a New York, N.Y. :
|b New American Library,
|c [1980]
|
| 264 |
|
4 |
|c ©1980
|
| 300 |
|
|
|a viii, 280 pages :
|b illustrations ;
|c 26 cm.
|
| 336 |
|
|
|a text
|b txt
|2 rdacontent
|
| 337 |
|
|
|a unmediated
|b n
|2 rdamedia
|
| 338 |
|
|
|a volume
|b nc
|2 rdacarrier
|
| 490 |
1 |
|
|a NAL book
|
| 650 |
|
0 |
|a American wit and humor, Pictorial.
|
| 651 |
|
0 |
|a United States
|x Politics and government
|y 1977-1981
|x Caricatures and cartoons.
|
| 651 |
|
0 |
|a United States
|x Politics and government
|y 1969-1974
|v Caricatures and cartoons.
|
| 651 |
|
0 |
|a United States
|x Politics and government
|y 1974-1977
|x Caricatures and cartoons.
|
| 651 |
|
0 |
|a United States
|x Social conditions
|y 1960-1980
|x Caricatures and cartoons.
|
| 830 |
|
0 |
|a NAL book.
|
| 999 |
|
|
|a MARS
|
| 999 |
f |
f |
|s e2f89db2-1133-3154-a992-a838a5a49ea8
|i 331a9bea-fc2c-353f-96bd-7143b35d4dfa
|t 0
|
| 952 |
f |
f |
|p ric
|a Texas A&M University
|b Rellis Campus
|c Joint Library Facility
|d Remote Storage
|t 0
|e E872 B57
|h Library of Congress classification
|i unmediated -- volume
|m A14805991546
|
| 998 |
f |
f |
|a E872 B57
|t 0
|l Remote Storage
|